LEADER 01538nas 2200397 n 450 001 990008978700403321 005 20240229084550.0 011 $a0020-1693 035 $a000897870 035 $aFED01000897870 035 $a(Aleph)000897870FED01 035 $a000897870 091 $2CNR$aP 00013968 100 $a20161109a19679999km-y0itaa50------ba 101 0 $aeng 102 $aNL 110 $aauu-------- 200 1 $aInorganica chimica acta 207 1$a1967- 210 $aPadova$cElsevier 326 $aMensile 423 0$12001$aInorganica chimica acta reviews 452 0$12001$aInorganica chimica acta 530 0 $aInorganica chimica acta 675 $a546 676 $a546 801 0$aIT$bACNP$c20090723 859 4 $uhttp://acnp.cib.unibo.it/cgi-ser/start/it/cnr/dc-p1.tcl?catno=6667&person=false&language=ITALIANO&libr=&libr_th=unina1$zBiblioteche che possiedono il periodico 901 $aSE 912 $a990008978700403321 958 $aBiblioteca. Dipartimento di Chimica. Complesso Universitario di Monte S. Angelo.$b1967-2000;$fDCH 959 $aDCH 996 $aInorganica chimica acta$9793040 997 $aUNINA AP1 8 $6866-01$aNA007 Biblioteca. Dipartimento di Chimica. Complesso Universitario di Monte S. Angelo.$evia Cinthia 4, 80126 Napoli (NA)$m081674497-081674488$m081674090$nit AP2 40$aacnp.cib.unibo.it$nACNP Italian Union Catalogue of Serials$uhttp://acnp.cib.unibo.it/cgi-ser/start/it/cnr/df-p.tcl?catno=6667&language=ITALIANO&libr=&person=&B=1&libr_th=unina&proposto=NO